000 00828nam a2200253 a 4500
001 BRCA_7558
005 20190320205904.0
008 060613s1955----enka######---#000-0#eng-#
041 _aeng
044 _aenk
050 4 _aSB413
_b.M67 1955
100 1 _aMoreton, Oscar C.
_918644
245 1 0 _aOld carnations and pinks
_cby C. Oscar Moreton ; with an introduction by Sacheverell Siwell and eight colour plates by Rory McEwen.
260 _aGran Bretaña
_bG. Rainbird
_c1955
300 _axi, 51 p.
_bil. a color, 8 láminas
_c35 cm.
500 _aIncluye lista alfabética de tipos de clavel
500 _aS37
650 1 4 _aClaveles
_vCatálogos
_918645
650 1 4 _aClaveles
_vCuidados
_918646
700 1 _aSiwell, Sacheverell
_eintr.
_918647
700 1 _aMcEwen, Rory
_eil.
_918648
902 _aGFM
942 _2lcc
_cB
999 _c7232
_d7232